Les plus grandes villes du Nord - Statistiques

Statistiques générales
  • Ce quiz a été pris 1 309 fois
    1 175 depuis la dernière actualisation
  • Le résultat moyen est 11 sur 23
Statistiques - réponses
Hint Réponse % Correct
228 652 hab. Lille
100%
94 536 hab. Roubaix
90%
92 707 hab. Tourcoing
86%
90 995 hab. Dunkerque
84%
42 989 hab. Valenciennes
74%
62 308 hab. Villeneuve-d'Ascq
70%
41 732 hab. Douai
60%
32 847 hab. Cambrai
50%
30 994 hab. Maubeuge
49%
39 600 hab. Marcq-en-Baroeul
45%
25 993 hab. Armentières
41%
28 435 hab. Lambersart
33%
21 176 hab. Loos
33%
20 664 hab. Croix
32%
21 272 hab. Mons-en-Baroeul
32%
21 866 hab. Hazebrouck
31%
41 633 hab. Wattrelos
30%
22 520 hab. La Madeleine
27%
20 536 hab. Wasquehal
27%
20 270 hab. Denain
24%
21 166 hab. Grande-Synthe
19%
20 770 hab. Halluin
13%
22 077 hab. Coudekerque-Branche
11%
Aucun quiz correspondant
Distribution des résultats
% des personnes avec chaque résultat
Percentile par nombre de réponses
Votre historique - résultats
Vous n’avez pas pris ce quiz depuis la dernière actualisation